Elvárások és elégedettség = Expectancy and satisfaction

The purpose of this paper is to understand how works expectancy theory more specifically, the valence - instrumentality — expectancy (VIE) model. I supposed that there is a contact between expectancy and satisfaction. In mainstream economic literature, the supremacy of the economic motive is taken f...

Teljes leírás

Elmentve itt :
Bibliográfiai részletek
Szerző: Juhász Csilla
Dokumentumtípus: Cikk
Megjelent: Egyesület Közép-Európa Kutatására Szeged 2016
Sorozat:Taylor : gazdálkodás- és szervezéstudományi folyóirat 8 No. 3
Kulcsszavak:Munkaerőgazdálkodás - vállalati, Munkaszervezés - vállalati, Stratégiai tervezés, Vezetés - vállalati, Vezetéstudomány, Foglalkoztatás, Munkaerő
Tárgyszavak:
Online Access:http://acta.bibl.u-szeged.hu/54978
LEADER 01816nab a2200229 i 4500
001 acta54978
005 20260108112922.0
008 180623s2016 hu o 000 hun d
022 |a 2064-4361 
040 |a SZTE Egyetemi Kiadványok Repozitórium  |b hun 
041 |a hun 
041 |a eng 
100 1 |a Juhász Csilla 
245 1 0 |a Elvárások és elégedettség = Expectancy and satisfaction  |h [elektronikus dokumentum] /  |c  Juhász Csilla 
260 |a Egyesület Közép-Európa Kutatására  |b Szeged  |c 2016 
300 |a 58-64 
490 0 |a Taylor : gazdálkodás- és szervezéstudományi folyóirat  |v 8 No. 3 
520 3 |a The purpose of this paper is to understand how works expectancy theory more specifically, the valence - instrumentality — expectancy (VIE) model. I supposed that there is a contact between expectancy and satisfaction. In mainstream economic literature, the supremacy of the economic motive is taken for granted; people are expected to act in ways to maximize their profits. My aim was to understand the components and consequences of motivation through application of expectancy theory, and satisfaction of employer and employee. I have found that satisfaction caused by many factors of expectancy. Based on the result of my research I recommend that human resource managers should create an empowering working environment that is intrinsically and extrinsically motivating, with the aim of bringing out the best in their employees. 
650 4 |a Társadalomtudományok 
650 4 |a Közgazdasági és gazdálkodástudományok 
695 |a Munkaerőgazdálkodás - vállalati, Munkaszervezés - vállalati, Stratégiai tervezés, Vezetés - vállalati, Vezetéstudomány, Foglalkoztatás, Munkaerő 
856 4 0 |u http://acta.bibl.u-szeged.hu/54978/1/taylor_2016_003_058-064.pdf  |z Dokumentum-elérés